000 01531nam0a2200361 4500
001 RU\NLR\bibl\1740496
005 20250616112547.0
010 _a978-5-94223-585-7
_91000
021 _aRU
_b2011-4631
_9315
035 _a(nilc)RSL-KNO-004885270
035 _a(NLR Aleph) 001731413
090 _a1401953
_c1401953
100 _a20110208d2010 |||y0rusy50 ca
101 0 _arus
102 _aRU
105 _aa |||||||||
200 1 _aИнструменты управления инновационной деятельностью в мясной промышленности
_fМ.И. Дли, Е.Г. Карпова
210 _aСмоленск
_cСмоленская городская типография
_d2010
215 _a179 с.
_cил.
_d20
320 _aБиблиогр.: с. 156-174 (198 назв.)
606 1 _aМясная промышленность
_xИнновационная деятельность
_xУправление
_92624897
_3RU\NLR\auth\661561457
686 _aУ9(2)306.751.20-551.1-21,0
_2rubbk
686 _aУ30(2)675.12-55-21
700 1 _aДли
_bМ. И.
_gМаксим Иосифович
_4070
701 1 _4070
_aКарпова
_bЕ. Г.
_cканд. экон. наук, финансовый менеджмент
_gЕлена Геннадьевна
_9221538
_3RU\NLR\AUTH\770221594
801 0 _aRU
_bRuMoRKP
_c20110208
_grcr
801 1 _aRU
_bRuMoRGB
_c20110208
801 2 _aRU
_bNLR
_c20110226
_grcr
942 _cBOOK
980 _aNB
980 _aNBR